书目信息 |
| 题名: |
清史论丛
|
|
| 作者: | 李世愉 主编 ;中国社会科学院 编 | |
| 分册: | 2014年号 | |
| 出版信息: | 北京 中国广播电视出版社 2014.1 |
|
| 页数: | 321页 | |
| 开本: | 26cm | |
| 丛书名: | ||
| 单 册: | ||
| 中图分类: | K249.07 | |
| 科图分类: | ||
| 主题词: | 清代--历史--研究--丛刊 | |
| 电子资源: | ||
| ISBN: | 978-7-5043-6992-5 | |
| 000 | 00871nam0 2200253 450 | |
| 001 | 351736 | |
| 005 | 20161017160854.09 | |
| 010 | @a978-7-5043-6992-5@dCNY50.00 | |
| 100 | @a20140304d2014 em y0chiy50 ea | |
| 101 | 0 | @achi |
| 102 | @aCN@b110000 | |
| 105 | @ay z 000yy | |
| 106 | @ar | |
| 200 | 1 | @a清史论丛@h2014年号@f中国社会科学院历史研究所清史研究室编 |
| 210 | @a北京@c中国广播电视出版社@d2014.1 | |
| 215 | @a321页@d26cm | |
| 314 | @a主编:李世愉 | |
| 330 | @a本书收录了《进德修业,激励我志——写在龄修师八十华诞之际》、《记何龄修先生》、《明清文集中的“冠军”》、《清朝后妃母家的抬旗》、《论清朝两京王府制的成因》等文章。 | |
| 606 | 0 | @a清代@x历史@x研究@j丛刊 |
| 690 | @aK249.07@v5 | |
| 701 | 0 | @a李世愉@f(1949.2~)@4主编 |
| 712 | 02 | @a中国社会科学院@b历史研究所@b清史研究室@4编 |
| 801 | 0 | @aCN@bTANGWEI@c20161009 |
| 905 | @b0896260-4@dK249.07@e102@f5 | |
| 清史论丛.2014年号/中国社会科学院历史研究所清史研究室编.-北京:中国广播电视出版社,2014.1 |
| 321页;26cm |
| ISBN 978-7-5043-6992-5:CNY50.00 |
| 本书收录了《进德修业,激励我志——写在龄修师八十华诞之际》、《记何龄修先生》、《明清文集中的“冠军”》、《清朝后妃母家的抬旗》、《论清朝两京王府制的成因》等文章。 |
| ● |
| 相关链接 |
|
|
|
|
正题名:清史论丛
索取号:K249.07/102
 
预约/预借
| 序号 | 登录号 | 条形码 | 馆藏地/架位号 | 状态 | 备注 |
| 1 | 0896260 | 208962602 | 第二样本阅览室/ [索取号:K249.07/102] | 在馆 | |
| 2 | 0896261 | 208962611 | 密集书库-史法系/ [索取号:K249.07/102] | 在馆 | |
| 3 | 0896262 | 208962620 | 第二借阅区/ [索取号:K249.07/102] | 在馆 | |
| 4 | 0896263 | 208962639 | 第二借阅区/ [索取号:K249.07/102] | 在馆 | |
| 5 | 0896264 | 208962648 | 第二借阅区/ [索取号:K249.07/102] | 在馆 |